| 000 | 00872nam a2200301 a 4500 | ||
|---|---|---|---|
| 999 |
_c10961 _d10961 |
||
| 001 | 10961 | ||
| 003 | BD-JhCC | ||
| 005 | 20221013134022.0 | ||
| 008 | 190608s2001 nyu 000 1 eng | ||
| 010 | _a 2001036629 | ||
| 020 | _a0671027379 | ||
| 040 |
_aDLC _cDLC _dDLC _bBD-JhCC |
||
| 050 | 0 | 0 |
_aPS3552.R685434 _bD4 2001 |
| 082 | 0 | 0 |
_a813/.54 _221 _bBRO 2001 |
| 100 | 1 |
_aBrown, Dan, _d1964- |
|
| 245 | 1 | 0 |
_aDeception point / _cDan Brown. |
| 260 |
_aNew York : _bPocket Books, _cc2001. |
||
| 300 |
_a585 p. ; _c19 cm. |
||
| 650 | 0 |
_aAmericans _zArctic regions _vFiction. |
|
| 650 | 0 |
_aPresidents _xElection _vFiction. |
|
| 650 | 0 |
_aConspiracies _vFiction. |
|
| 650 | 0 |
_aScientists _vFiction. |
|
| 650 | 0 |
_aMeteors _vFiction. |
|
| 651 | 0 |
_aArctic regions _vFiction. |
|
| 655 | 7 |
_aPolitical fiction. _2lcsh |
|
| 655 | 7 |
_aSuspense fiction. _2gsafd |
|
| 942 |
_2ddc _cBK _021 |
||